000
00258nam a2200109Ia 4500
008
190912s9999||||xx |||||||||||||| ||und||
100
_a
Leslie Lafayette
245
0
_a
Why Don't You have Kids?
260
_a
USA
_b
McGraw-Hill
_c
1995
300
_a
298
942
_c
BK
999
_c
7398
_d
7398